| 000 -LEADER |
| fixed length control field |
00677cam a22001457a 4500 |
| 008 - FIXED-LENGTH DATA ELEMENTS--GENERAL INFORMATION |
| fixed length control field |
180718b1969 xxu||||| |||| 00| 0 eng d |
| 082 ## - DEWEY DECIMAL CLASSIFICATION NUMBER |
| Classification number |
T215x54 In2O |
| 100 ## - MAIN ENTRY--PERSONAL NAME |
| Personal name |
India. Ministry of Petroleum and Chemicals and Mines and Metals |
| 245 ## - TITLE STATEMENT |
| Title |
Report of the Oil Prices Committee October, 1969 |
| Statement of responsibility, etc. |
by Department of Petroleum, Ministry of Petroleum and Chemicals and Mines and Metals |
| 260 ## - PUBLICATION, DISTRIBUTION, ETC. |
| Place of publication, distribution, etc. |
New Delhi |
| Name of publisher, distributor, etc. |
Department of Petroleum, Ministry of Petroleum and Chemicals and Mines and Metals |
| Date of publication, distribution, etc. |
1969 |
| 300 ## - PHYSICAL DESCRIPTION |
| Extent |
167+p. |
| 500 ## - GENERAL NOTE |
| General note |
Chairman: Shantilal H. Shah |
| 700 ## - ADDED ENTRY--PERSONAL NAME |
| Personal name |
India. Ministry of Petroleum and Chemicals and Mines and Metals |
| 700 ## - ADDED ENTRY--PERSONAL NAME |
| Personal name |
Shah, Shantilal H. (Chairman) |